01125cam a22002654a 45000010009000000050017000090080041000260100017000670200028000840500019001121000019001312450122001502500012002722600042002843000026003264400061003525040064004136500023004776500016005006500027005167000035005438560098005788560091006768560092007671233086420170120122136.0010301s2001 cau b 001 0 eng  a 2001001341 a0787956279 (alk. paper)00aHD49 .W45 20011 aWeick, Karl E.10aManaging the unexpected :bassuring high performance in an age of complexity /cKarl E. Weick, Kathleen M. Sutcliffe. a1st ed. aSan Francisco :bJossey-Bass,cc2001. axvi, 200 p. ;c24 cm. 0aUniversity of Michigan Business School management series aIncludes bibliographical references (p. 175-189) and index. 0aCrisis management. 0aLeadership. 0aIndustrial management.1 aSutcliffe, Kathleen M.,d1950-423Contributor biographical informationuhttp://www.loc.gov/catdir/bios/wiley046/2001001341.html423Publisher descriptionuhttp://www.loc.gov/catdir/description/wiley0310/2001001341.html413Table of contents onlyuhttp://www.loc.gov/catdir/enhancements/fy0728/2001001341-t.html